[Event "Bundesliga 9394"]
[Site "Germany"]
[Date "1994.01.09"]
[Round "5.6"]
[White "Mueller, Matthias"]
[Black "Andresen, Steffen"]
[Result "0-1"]
[WhiteElo "2350"]
[BlackElo "2370"]
[PlyCount "73"]
[EventDate "1993.11.06"]
[EventType "team-tourn"]
[EventRounds "15"]
[EventCountry "GER"]
[SourceTitle "GER-chT"]
[Source "ChessBase"]
[SourceDate "1999.07.01"]
[SourceVersion "1"]
[SourceVersionDate "1999.07.01"]
[SourceQuality "1"]
[WhiteTeam "Erfurt"]
[BlackTeam "Dresden"]
[WhiteTeamCountry "GER"]
[BlackTeamCountry "GER"]

1. e4 c5 2. Nf3 Nc6 3. d4 cxd4 4. Nxd4 Nf6 5. Nc3 d6 6. Bg5 e6 7. Qd2 a6 8. 0-0-0 h6 9. Be3 Qc7 10. f4 Bd7 11. h3 b5 12. Bxb5 axb5 13. Ndxb5 Qb8 14. Nxd6+ Bxd6 15. Qxd6 Qxd6 16. Rxd6 Ne7 17. Rhd1 Bc6 18. Bb6 Nd7 19. Bf2 Rc8 20. a4 Nf6 21. R1d4 g5 22. f5 0-0 23. g4 Ne8 24. Rd8 e5 25. Rd1 Nf6 26. Rxf8+ Kxf8 27. Re1 Bb7 28. Bg3 Nc6 29. Rd1 Ke8 30. Re1 Rd8 31. Nb5 Rd7 32. Re3 h5 33. gxh5 Nxh5 34. c3 Na5 35. Na3 Nxg3 36. Rxg3 Bxe4 37. Rxg5 0-1